The Debate On The Constitution

Bibliographic Details
Format: Book
Language:English
Published: New York : Library Of America , c1984
Series:The Library Of America
Subjects:

MARC

LEADER 00000cam a2200000 7i4500
001 0000069039
005 20091210.0
008 091210 eng
020 |a 0940450429 
090 0 0 |a 342.73029 DEB 
245 0 4 |a The Debate On The Constitution 
260 |a New York :   |b Library Of America ,   |c c1984 
300 |a 1214p. ;   |c 21cm. 
440 0 |a The Library Of America 
650 0 0 |a Federalist 
999 |a 0000070894   |b Buku   |c Lincoln Corner Rujukan   |e Perbadanan Perpustakaan Awam Melaka